|
|
|
|
| LEADER |
00635nab a2200181 i 4500 |
| 001 |
acta17280 |
| 005 |
20210614160142.0 |
| 008 |
161015s1956 hu o 0|| hun d |
| 022 |
|
|
|a 0586-3686
|
| 040 |
|
|
|a SZTE Egyetemi Kiadványok Repozitórium
|b hun
|
| 041 |
|
|
|a hun
|
| 100 |
1 |
|
|a Jósa Zoltán
|
| 245 |
1 |
3 |
|a Az általános iskolai biológiai oktatás problémái
|h [elektronikus dokumentum] /
|c Jósa Zoltán
|
| 260 |
|
|
|c 1956
|
| 300 |
|
|
|a 285-298
|
| 490 |
0 |
|
|a A Szegedi Pedagógiai Főiskola évkönyve
|
| 695 |
|
|
|a Neveléstudomány, Biológia
|
| 856 |
4 |
0 |
|u http://acta.bibl.u-szeged.hu/17280/1/tanarkepzo_1956_285-298.pdf
|z Dokumentum-elérés
|